000 00294nam a22001337a 4500
008 170420b xxu||||| |||| 00| 0 eng d
020 _a9780393124941
041 _aeng
080 _a573
100 _a11
101 _aSHM
245 _aDISCOVERIBG BIOLOGYLAB
_cSCULLY.T.A
942 _2udc
_cBK
999 _c11374
_d11374